| 000 | 01002nam a22003017a 4500 | ||
|---|---|---|---|
| 003 | CHAP | ||
| 005 | 20220329135326.0 | ||
| 008 | 971013s1962 r 00010 d | ||
| 010 | _a34448 | ||
| 011 | _a35420 | ||
| 035 | _a39536 | ||
| 040 | _cCHAP | ||
| 082 |
_a582.16 _bM4 |
||
| 100 | 0 | 0 |
_aMenninger, Edwin A. _974819 |
| 245 |
_aFlowering trees of the world _b: for tropics and warm climates |
||
| 260 |
_aNew York : _bHearathside, _c1962 |
||
| 300 |
_a336 p. _b: ilus. ; láms |
||
| 590 |
_aBATCH-UPD _b10 _c20130110 _lUCH01 _h0153 |
||
| 590 |
_aBATCH-UPD _b10 _c20130110 _lUCH01 _h1951 |
||
| 590 |
_aBATCH-UPD _b10 _c20130410 _lUCH01 _h1313 |
||
| 590 |
_aBATCH-UPD _b10 _c20130914 _lUCH01 _h1813 |
||
| 590 |
_aCONVERSION _b10 _c20130109 _lUCH01 _h1319 |
||
| 650 | 1 | 4 |
_aÁrboles tropicales. _982448 |
| 901 | _aBK | ||
| 942 | _cLIBRO | ||
| 949 |
_a582.16 M4 _bBC _cLIBRO _d33724000453288 _eLIBRO _h29755 _i39536 _si _t300.00 |
||
| 949 |
_a582.16 M4 _bBC _cLIBRO _d33724000453395 _eLIBRO _fc.2 _h46657 _i39536 _si _t300.00 |
||
| 999 |
_c34448 _d34448 |
||